Visualizzazione normale
Vista MARC
- Voicu, Sever J.,
di Personal Name
Records bibliografici associati: 1
001 - CONTROL NUMBER
- control field: 56900
003 - CONTROL NUMBER IDENTIFIER
- control field:
005 - DATE AND TIME OF LATEST TRANSACTION
- control field: 20180504144642.0
008 - FIXED-LENGTH DATA ELEMENTS
- fixed length control field: 180504|| aca||aabn | a|a d
040 ## - CATALOGING SOURCE
- Original cataloging agency:
- Transcribing agency:
100 ## - HEADING--PERSONAL NAME
- Personal name: Voicu, Sever J.,
- Dates associated with a name: 1945-,
- Relator term: curatore.
670 ## - SOURCE DATA FOUND
- Source citation: Work cat.: ()0: Geremia, Lamentazioni /, ©2017.